Questions dans la chanson française - Statistiques

Statistiques générales
  • Ce quiz a été pris 1 201 fois
  • Le résultat moyen est 11 sur 20
Statistiques - réponses
Question Artiste % Correct
Où t'es, papaoutai ? Stromae
97%
Mais t'es pas là, mais t'es où ? Vianney
87%
Quoi ma gueule ? Qu'est-ce qu'elle a ma gueule ? Johnny Hallyday
86%
Donnez-moi une limousine,j'en ferais quoi ? Zaz
85%
Pourquoi je vis, pourquoi je meurs ?Pourquoi je ris, pourquoi je pleure ? Daniel Balavoine
79%
Qui a le droit d'faire ça
À un enfant qui croit vraiment
C'que disent les grands ?
Patrick Bruel
72%
Qui a eu cette idée folle Un jour d'inventer l'école ? France Gall
56%
Est-ce que ce monde est sérieux ? Francis Cabrel
56%
Dis, maman Pourquoi je suis pas un garçon ? Mylène Farmer
56%
Est-ce que tu m'entends,
Est-ce que tu me vois ? Qu'est-ce que tu dirais, toi, si t'étais là ?
Louane
52%
Hello papi, mais qué pasa ? Aya Nakamura
49%
Si on devait mourir demain,Qu'est-ce qu'on ferait de plus ? Qu'est-ce qu'on ferait de moins ? Natasha St-Pier /Pascal Obispo
47%
Et si je te pose des questions,qu'est-ce que tu diras ? Véronique Sanson
45%
Où sont les femmes ? Patrick Juvet
39%
Comment peut-on s’imaginerEn voyant un vol d’hirondelles, Que l’automne vient d’arriver ? Jean Ferrat
33%
Est-ce que tu viens pour les vacances ? David et Jonathan
31%
Pourquoi les gens qui s'aiment Sont-ils toujours un peu les mêmes ? William Sheller
30%
J'ai perdu la tête Où est le chemin de ma maison ? Yseult
23%
C'est quand, le bonheur ? Cali
22%
Que reste-t-il de nos amours ? Charles Trenet
16%
Aucun quiz correspondant
Distribution des résultats
% des personnes avec chaque résultat
Percentile par nombre de réponses
Votre historique - résultats
Vous n’avez pas pris ce quiz